Environmental assessment legally required for road scheme. (Record no. 60481)

MARC details
000 -LEADER
fixed length control field 00845cam a2200181 4500
001 - CONTROL NUMBER
control field ABS60831
008 - FIXED-LENGTH DATA ELEMENTS--GENERAL INFORMATION
fixed length control field 000000n1999 000 0 eng u
035 ## - SYSTEM CONTROL NUMBER
System control number (Sirsi) u101334
100 ## - MAIN ENTRY--PERSONAL NAME
Personal name Macrory, R.
245 ## - TITLE STATEMENT
Title Environmental assessment legally required for road scheme.
260 ## - PUBLICATION, DISTRIBUTION, ETC.
Date of publication, distribution, etc. 1999
490 ## - SERIES STATEMENT
Series statement ENDS Report
Volume/sequential designation (292) May 1999, 53(1)
520 ## - SUMMARY, ETC.
Summary, etc. Discusses the implications of the decision in the case "R v St Edmundsbury Borough Council ex parte Walton", where the High Court quashed a local authority's decision to approve a road scheme because no environmental assessment had been carried out, and the approval was therefore deemed legally defective.
650 ## - SUBJECT ADDED ENTRY--TOPICAL TERM
Topical term or geographic name entry element ENVIRONMENTAL ASSESSMENT
650 ## - SUBJECT ADDED ENTRY--TOPICAL TERM
Topical term or geographic name entry element PROPERTY-INFRASTRUCTURE-TRANSPORT INFRASTRUCTURE-ROAD INFRASTRUCTURE
690 ## - LOCAL SUBJECT ADDED ENTRY--TOPICAL TERM (OCLC, RLIN)
Topical term or geographic name as entry element PLANNING LAW AND PRACTICE
942 ## - ADDED ENTRY ELEMENTS (KOHA)
Suppress in OPAC 0
Holdings
Withdrawn status Lost status Source of classification or shelving scheme Damaged status Not for loan Home library Current library Shelving location Date acquired Total Checkouts Full call number Barcode Date last seen Copy number Price effective from Koha item type
    Dewey Decimal Classification     London London Journal article 03/11/1999   ABS60831 101334-1001 06/08/2019 1 06/08/2019 Journal article